<?xml version="1.0" encoding="UTF-8"?>
<collection xmlns="http://www.loc.gov/MARC21/slim">
 <record>
  <leader>02026nam a22002657a 4500</leader>
  <controlfield tag="001">NCT_51124</controlfield>
  <controlfield tag="008">180921b        xxu||||| |||| 00| 0 vie d</controlfield>
  <datafield tag="999" ind1=" " ind2=" ">
   <subfield code="c">2441</subfield>
   <subfield code="d">2441</subfield>
  </datafield>
  <datafield tag="020" ind1=" " ind2=" ">
   <subfield code="a">9786049225949</subfield>
   <subfield code="c">50000</subfield>
  </datafield>
  <datafield tag="082" ind1="0" ind2="4">
   <subfield code="2">23rd ed.</subfield>
   <subfield code="a">332.120711</subfield>
   <subfield code="b">H561</subfield>
  </datafield>
  <datafield tag="245" ind1="0" ind2="0">
   <subfield code="a">Giáo trình câu hỏi và bài tập nghiệp vụ ngân hàng thương mại</subfield>
   <subfield code="c">Trầm Thị Xuân Hương (chủ biên), ...[et al.]</subfield>
  </datafield>
  <datafield tag="260" ind1=" " ind2=" ">
   <subfield code="a">TP Hồ CHí Minh</subfield>
   <subfield code="b">Kinh tế TP Hồ CHí Minh</subfield>
   <subfield code="c">2017</subfield>
  </datafield>
  <datafield tag="300" ind1=" " ind2=" ">
   <subfield code="a">239 tr.</subfield>
   <subfield code="b">Bảng</subfield>
   <subfield code="c">24cm</subfield>
  </datafield>
  <datafield tag="520" ind1=" " ind2=" ">
   <subfield code="a">&quot;Giới thiệu tổng quan về ngân hàng thương mại. Trình bày một số kĩ năng cơ bản của nghiệp vụ ngân hàng: Huy động vốn, tín dụng, cho vay, cho thuê tài chính, chiết khấu, bảo lãnh, bao thanh toán... kèm câu hỏi và bài tập áp dụng cuối mỗi chương&quot;</subfield>
  </datafield>
  <datafield tag="653" ind1=" " ind2=" ">
   <subfield code="a">Quản trị kinh doanh</subfield>
  </datafield>
  <datafield tag="700" ind1="1" ind2=" ">
   <subfield code="a">Trầm Thị Xuân Hương</subfield>
   <subfield code="e">Chủ biên</subfield>
  </datafield>
  <datafield tag="700" ind1="1" ind2=" ">
   <subfield code="a">Nguyễn Thanh Phong</subfield>
   <subfield code="e">Đồng chủ biên</subfield>
  </datafield>
  <datafield tag="700" ind1="1" ind2=" ">
   <subfield code="a">Hoàng Đức </subfield>
   <subfield code="e">Biên soạn</subfield>
  </datafield>
  <datafield tag="942" ind1=" " ind2=" ">
   <subfield code="2">ddc</subfield>
   <subfield code="c">BK</subfield>
  </datafield>
  <datafield tag="952" ind1=" " ind2=" ">
   <subfield code="0">0</subfield>
   <subfield code="1">0</subfield>
   <subfield code="2">ddc</subfield>
   <subfield code="4">0</subfield>
   <subfield code="6">332_120711000000000_H561</subfield>
   <subfield code="7">0</subfield>
   <subfield code="9">14057</subfield>
   <subfield code="a">000001</subfield>
   <subfield code="b">000001</subfield>
   <subfield code="d">2018-09-21</subfield>
   <subfield code="l">2</subfield>
   <subfield code="m">1</subfield>
   <subfield code="o">332.120711 H561</subfield>
   <subfield code="p">MD.13413</subfield>
   <subfield code="r">2020-09-28</subfield>
   <subfield code="s">2020-09-04</subfield>
   <subfield code="v">50000.00</subfield>
   <subfield code="w">2018-09-21</subfield>
   <subfield code="y">BK</subfield>
  </datafield>
  <datafield tag="952" ind1=" " ind2=" ">
   <subfield code="0">0</subfield>
   <subfield code="1">0</subfield>
   <subfield code="2">ddc</subfield>
   <subfield code="4">0</subfield>
   <subfield code="6">332_120711000000000_H561</subfield>
   <subfield code="7">0</subfield>
   <subfield code="9">14058</subfield>
   <subfield code="a">000001</subfield>
   <subfield code="b">000001</subfield>
   <subfield code="d">2018-09-21</subfield>
   <subfield code="o">332.120711 H561</subfield>
   <subfield code="p">MD.13414</subfield>
   <subfield code="r">2018-09-21</subfield>
   <subfield code="v">50000.00</subfield>
   <subfield code="w">2018-09-21</subfield>
   <subfield code="y">BK</subfield>
  </datafield>
  <datafield tag="952" ind1=" " ind2=" ">
   <subfield code="0">0</subfield>
   <subfield code="1">0</subfield>
   <subfield code="2">ddc</subfield>
   <subfield code="4">0</subfield>
   <subfield code="6">332_120711000000000_H561</subfield>
   <subfield code="7">0</subfield>
   <subfield code="9">14059</subfield>
   <subfield code="a">000001</subfield>
   <subfield code="b">000001</subfield>
   <subfield code="d">2018-09-21</subfield>
   <subfield code="l">1</subfield>
   <subfield code="o">332.120711 H561</subfield>
   <subfield code="p">MD.13415</subfield>
   <subfield code="r">2020-09-25</subfield>
   <subfield code="s">2020-09-11</subfield>
   <subfield code="v">50000.00</subfield>
   <subfield code="w">2018-09-21</subfield>
   <subfield code="y">BK</subfield>
  </datafield>
  <datafield tag="952" ind1=" " ind2=" ">
   <subfield code="0">0</subfield>
   <subfield code="1">0</subfield>
   <subfield code="2">ddc</subfield>
   <subfield code="4">0</subfield>
   <subfield code="6">332_120711000000000_H561</subfield>
   <subfield code="7">0</subfield>
   <subfield code="9">14060</subfield>
   <subfield code="a">000001</subfield>
   <subfield code="b">000001</subfield>
   <subfield code="d">2018-09-21</subfield>
   <subfield code="o">332.120711 H561</subfield>
   <subfield code="p">MD.13416</subfield>
   <subfield code="r">2018-09-21</subfield>
   <subfield code="v">50000.00</subfield>
   <subfield code="w">2018-09-21</subfield>
   <subfield code="y">BK</subfield>
  </datafield>
  <datafield tag="952" ind1=" " ind2=" ">
   <subfield code="0">0</subfield>
   <subfield code="1">0</subfield>
   <subfield code="2">ddc</subfield>
   <subfield code="4">0</subfield>
   <subfield code="6">332_120711000000000_H561</subfield>
   <subfield code="7">0</subfield>
   <subfield code="9">14061</subfield>
   <subfield code="a">000001</subfield>
   <subfield code="b">000001</subfield>
   <subfield code="d">2018-09-21</subfield>
   <subfield code="l">2</subfield>
   <subfield code="o">332.120711 H561</subfield>
   <subfield code="p">MD.13417</subfield>
   <subfield code="r">2020-09-30</subfield>
   <subfield code="s">2020-09-11</subfield>
   <subfield code="v">50000.00</subfield>
   <subfield code="w">2018-09-21</subfield>
   <subfield code="y">BK</subfield>
  </datafield>
  <datafield tag="980" ind1=" " ind2=" ">
   <subfield code="a">Thư viện Trường Đại học Nam Cần Thơ</subfield>
  </datafield>
 </record>
</collection>
